000 00538 a2200157 4500
005 20190806102703.0
008 190713b1956 sp ||||| |||| 00| 0 spa d
040 _aCO-BoUCM
_bspa
_cJuan Jose Mateus
_dJuan Jose Mateus
041 0 _aspa
100 1 0 _aÁlvarez-Gendin, Sabino
_997084
245 1 3 _aEl dominio público
_bsu naturaleza jurídica
_cSabino Álvarez-Gendin
260 _bBosch
_c1956
_aBarcelona
650 7 _913555
_aDominio público
942 _cLIBRO
_2DEWEY
_a8
_e1
_h343.02
_mA473d
_n0
999 _c313859
_d313859